| 000 | 00583nam a2200217 4500 | ||
|---|---|---|---|
| 999 |
_c954 _d954 |
||
| 001 | 213115 | ||
| 003 | OSt | ||
| 005 | 20180830162848.0 | ||
| 008 | 711209s1971 caua |000 0 eng | ||
| 010 | _a72161037 | ||
| 020 | _a0830701079 | ||
| 040 |
_aDLC _cDLC _dm.c. _dBSC |
||
| 082 |
_a266.7 _bS843N |
||
| 092 |
_a266.023 _bS843y |
||
| 100 | 1 | _aSteven, Hugh. | |
| 245 | 1 | 0 |
_aNight Of The Long Knives: _bAnd Other Missionary And Adventure Stories/ |
| 260 |
_aGlendale, Calif., _bG/L Regal Books _c[1971] |
||
| 300 |
_a118 p. _c18 cm. |
||
| 650 | 0 | _aMissionary stories. | |
| 942 |
_2ddc _cBK |
||